Statistics for All Toronto TTC Streetcar Routes

Click here to take the quiz!

General Stats

  • This quiz has been taken 111 times
  • The average score is 8 of 11

Answer Stats

Streetcar Route NumberRoute Name% Correct
501Queen
97%
504King
96%
510Spadina
92%
505Dundas
83%
511Bathurst
81%
512St. Clair
74%
506Carlton
65%
509Harbourfront
53%
508Lake Shore
47%
502Downtowner
40%
503Kingston Road
36%

Score Distribution

Percentile by Number Answered

Percent of People with Each Score

Your Score History

You have not taken this quiz